000
00301nam a2200109Ia 4500
008
230907s9999||||xx |||||||||||||| ||und||
082
_a
660.0212,LON
100
_a
Loney, Norman W.
_9
10934
245
0
_a
Applied mathematical methods for chemical engineers /
300
_a
xix, 545 pages ;
942
_c
BK
999
_c
597686
_d
597686